| 000 | 00000cam 2200000zi 4500 |
| 001 | 9.963023 |
| 003 | CaOODSP |
| 005 | 20260525102000 |
| 006 | m o d f |
| 007 | cr bn||||||||| |
| 008 | 260525t20071996onca of f000 0 fre d |
| 040 | |aCaOODSP|bfre|erda|cCaOODSP |
| 043 | |an-cn--- |
| 086 | 1 |aT52-4/272-2007F-PDF |
| 245 | 00|aCritères de sécurité pour l'approbation des opérations de bimoteurs avec distance de vol prolongée (ETOPS). |
| 250 | |aÉdition 2007. |
| 264 | 1|a[Ottawa] : |bTransports Canada = Transport Canada, |c2007. |
| 264 | 4|c©1996 |
| 300 | |a1 ressource en ligne (1 volume (pagination multiple)) : |billustrations |
| 336 | |atexte|btxt|2rdacontent/fre |
| 337 | |ainformatique|bc|2rdamedia/fre |
| 338 | |aressource en ligne|bcr|2rdacarrier/fre |
| 500 | |aPublié aussi en anglais sous le titre : Safety criteria for approval of extended range twin-engine operations (ETOPS). |
| 500 | |a« TP 6327F (06/2007). » |
| 500 | |a« TC-1002272. » |
| 520 | |a« Le présent manuel renferme la norme, la politique, les procédures et les lignes directrices pour l'obtention de l'approbation de définition de type ou de l'approbation opérationnelle, ou les deux, pour que des avions bimoteurs de la catégorie transport puissent suivre une route spécifiée renfermant un point situé à plus de 60 minutes de temps de vol à la vitesse de croisière approuvée avec un moteur en panne (en atmosphère standard et en air calme) à partir d'un aéroport adéquat, quel que soit le relief. Le seuil des 60 minutes est un point au-delà duquel les dispositions de la présente publication s'appliquent. Les approbations accordées antérieurement pour les programmes ETOPS sont toujours valides. Les demandes en vue d'obtenir de nouvelles autorisations ETOPS ou de modifier les programmes existants seront évaluées selon les critères énoncés dans le présent manuel. Des critères spécifiques sont mentionnés pour une durée de déroutement de 75, 90, 120 ou 180 minutes et plus » -- Généralités, page 1-1. |
| 650 | 6|aBimoteurs|zCanada|xSécurité|xMesures|vGuides, manuels, etc. |
| 650 | 6|aAéronautique|zCanada|xSécurité|xMesures|vGuides, manuels, etc. |
| 655 | 7|aGuides et manuels|2rvmgf |
| 710 | 1 |aCanada. |bTransports Canada, |eorganisme de publication. |
| 775 | 08|tSafety criteria for approval of extended range twin-engine operations (ETOPS).|w(CaOODSP)9.961378 |
| 856 | 40|qPDF|s374 Ko|uhttps://publications.gc.ca/collections/collection_2026/tc/T52-4-272-2007-fra.pdf |
| 856 | 4 |qHTML|sS.O.|uhttps://tc.canada.ca/fr/aviation/publications/criteres-securite-approbation-operations-bimoteurs-avec-distance-vol-prolongee-etops-tp-6327 |
| 986 | |aTP 6327F |
| 986 | |aTC-1002272 |